书目信息 |
| 题名: |
广告学概论
|
|
| 作者: | 薛菁 编著 | |
| 分册: | ||
| 出版信息: | 北京 中国建筑工业出版社 2018.04 |
|
| 页数: | 237页 | |
| 开本: | 26cm | |
| 丛书名: | 高等院校广告专业规划教材 | |
| 单 册: | ||
| 中图分类: | F713.80-43 | |
| 科图分类: | ||
| 主题词: | 商业经济--国内 | |
| 电子资源: | ||
| ISBN: | 978-7-112-22010-6 | |
| 000 | 00667nam0 2200217 450 | |
| 001 | 1955183263 | |
| 005 | 20190306152143.52 | |
| 010 | @a978-7-112-22010-6@dCNY49.00 | |
| 100 | @a20190306d2018 km y0chiy0120 ea | |
| 101 | 0 | @achi |
| 102 | @aCN@b110000 | |
| 200 | 1 | @a广告学概论@AGuang Gao Xue Gai Lun@f薛菁编著@FXue Jing Bian Zhu |
| 210 | @a北京@c中国建筑工业出版社@d2018.04 | |
| 215 | @a237页@d26cm | |
| 225 | 2 | @a高等院校广告专业规划教材 |
| 410 | 0 | @12001 @a高等院校广告专业规划教材 |
| 606 | 0 | @a商业经济@x国内 |
| 690 | @aF713.80-43@v4 | |
| 701 | 0 | @a薛菁@AXue Jing@4编著 |
| 801 | 0 | @aCN@b大连网信软件有限公司图书馆·11@c20190306 |
| 905 | @aZUCC@dF713.80-43@eX951 | |
| 广告学概论/薛菁编著.-北京:中国建筑工业出版社,2018.04 |
| 237页;26cm.-(高等院校广告专业规划教材) |
| ISBN 978-7-112-22010-6:CNY49.00 |
| ● |
| 相关链接 |
|
|
|
正题名:广告学概论
索取号:F713.80-43/X951
 
预约/预借
| 序号 | 登录号 | 条形码 | 馆藏地/架位号 | 状态 | 备注 |
| 1 | 1306004 | 213060042 | 社科库409/409社科库 44排6列4层/ [索取号:F713.80-43/X951] | 在馆 |